<?xml version="1.0" encoding="UTF-8"?>
<record
    xmlns:xsi="http://www.w3.org/2001/XMLSchema-instance"
    xsi:schemaLocation="http://www.loc.gov/MARC21/slim http://www.loc.gov/standards/marcxml/schema/MARC21slim.xsd"
    xmlns="http://www.loc.gov/MARC21/slim">

  <leader>02467nam a2200373 i 4500</leader>
  <controlfield tag="001">193407</controlfield>
  <controlfield tag="003">ES-MaACL</controlfield>
  <controlfield tag="005">20250709184438.0</controlfield>
  <controlfield tag="007">ta</controlfield>
  <controlfield tag="008">231121b        sp ||||| |||| 00| 0 spa d</controlfield>
  <datafield tag="020" ind1=" " ind2=" ">
    <subfield code="a">9782342034875</subfield>
  </datafield>
  <datafield tag="040" ind1=" " ind2=" ">
    <subfield code="b">spa</subfield>
    <subfield code="c">ES-MaACL</subfield>
  </datafield>
  <datafield tag="080" ind1=" " ind2=" ">
    <subfield code="a">94(460)"1936/39"(093.3)</subfield>
  </datafield>
  <datafield tag="100" ind1="1" ind2=" ">
    <subfield code="9">234569</subfield>
    <subfield code="a">Rejas, Mari Carmen,</subfield>
    <subfield code="d">1955-</subfield>
    <subfield code="e">aut</subfield>
  </datafield>
  <datafield tag="245" ind1="1" ind2="0">
    <subfield code="a">1936, itin&#xE9;raire d'un enfant espagnol :</subfield>
    <subfield code="b">Paco, l'impossible oubli /</subfield>
    <subfield code="c">Mari Carmen Rejas ; [pr&#xE9;face de Carmen Pineira-Tresmontant]</subfield>
  </datafield>
  <datafield tag="260" ind1=" " ind2=" ">
    <subfield code="a">Paris :</subfield>
    <subfield code="b">Soci&#xE9;t&#xE9; des &#xC9;crivains;</subfield>
    <subfield code="c">[2015]</subfield>
  </datafield>
  <datafield tag="300" ind1=" " ind2=" ">
    <subfield code="a">98 p&#xE1;ginas :</subfield>
    <subfield code="b">ilustraciones (blanco y negro) ;</subfield>
    <subfield code="c">21 cm</subfield>
  </datafield>
  <datafield tag="336" ind1=" " ind2=" ">
    <subfield code="2">rdacontent</subfield>
    <subfield code="a">Texto</subfield>
  </datafield>
  <datafield tag="337" ind1=" " ind2=" ">
    <subfield code="2">rdamedia</subfield>
    <subfield code="a">sin mediaci&#xF3;n</subfield>
  </datafield>
  <datafield tag="338" ind1=" " ind2=" ">
    <subfield code="2">rdacarrier</subfield>
    <subfield code="a">volumen</subfield>
  </datafield>
  <datafield tag="500" ind1=" " ind2=" ">
    <subfield code="a">&#xCD;ndice</subfield>
  </datafield>
  <datafield tag="500" ind1=" " ind2=" ">
    <subfield code="a">En cub.: T&#xE9;moignage</subfield>
  </datafield>
  <datafield tag="520" ind1=" " ind2=" ">
    <subfield code="a">Comment, vivant &#xE0; Madrid en 1936, Paco s'est-il retrouv&#xE9; en Belgique en 1939 ? Fils de r&#xE9;publicain espagnol, il doit fuir l'Espagne au moment de la guerre civile, alors qu'il a &#xE0; peine dix ans. Avant de quitter son pays, il passe pratiquement trois ans dans ce qu'on appelle alors las colonias. Comme bon nombre d'enfants, il est envoy&#xE9; avec ses s&#x153;urs au d&#xE9;but de la guerre dans ces &#xAB; lieux de vacances &#xBB; afin de les prot&#xE9;ger des bombardements et des atrocit&#xE9;s d'un conflit arm&#xE9; qui s'annonce avec force... Francisco Rejas a aujourd'hui quatre-vingt-cinq ans. Il en avait sept lorsqu'il fut s&#xE9;par&#xE9; de ses parents... Il s'est confi&#xE9; &#xE0; sa fille, d&#xE9;voilant son incroyable parcours de ni&#xF1;o de guerra. &#xC0; travers ce t&#xE9;moignage poignant, grande et petite histoire s'entrem&#xEA;lent. Celle d'une famille, celle de l'Espagne enti&#xE8;re. Celle de la guerre, de l'exil, du d&#xE9;racinement, mais aussi des retrouvailles. Une page de vie saisissante pour un indispensable devoir de m&#xE9;moire.</subfield>
  </datafield>
  <datafield tag="651" ind1=" " ind2="4">
    <subfield code="a">Espa&#xF1;a-</subfield>
    <subfield code="x">Historia-</subfield>
    <subfield code="y">1936-1939, Guerra civil-</subfield>
    <subfield code="v">Relatos personales</subfield>
    <subfield code="9">8326</subfield>
  </datafield>
  <datafield tag="700" ind1="1" ind2=" ">
    <subfield code="9">234557</subfield>
    <subfield code="a">Pineira-Tresmontant, Carmen</subfield>
    <subfield code="e">aui</subfield>
  </datafield>
  <datafield tag="852" ind1=" " ind2=" ">
    <subfield code="a">ES-MaACL</subfield>
    <subfield code="b">R. 154798</subfield>
    <subfield code="c">DEPOJ</subfield>
    <subfield code="j">N-9558</subfield>
    <subfield code="9">200863</subfield>
    <subfield code="h">Donaci&#xF3;n: Mari Carmen Rejas</subfield>
    <subfield code="x">Encuadernaci&#xF3;n r&#xFA;stica</subfield>
  </datafield>
  <datafield tag="903" ind1=" " ind2=" ">
    <subfield code="9">234569</subfield>
    <subfield code="a">Rejas, Mari Carmen,</subfield>
    <subfield code="d">1955-</subfield>
    <subfield code="e">dnr</subfield>
  </datafield>
  <datafield tag="942" ind1=" " ind2=" ">
    <subfield code="n">0</subfield>
    <subfield code="c">MONOGRAFIA</subfield>
  </datafield>
  <datafield tag="999" ind1=" " ind2=" ">
    <subfield code="c">193407</subfield>
    <subfield code="d">193407</subfield>
  </datafield>
  <datafield tag="952" ind1=" " ind2=" ">
    <subfield code="0">0</subfield>
    <subfield code="1">0</subfield>
    <subfield code="2">udc</subfield>
    <subfield code="4">0</subfield>
    <subfield code="7">0</subfield>
    <subfield code="a">ATENEOM</subfield>
    <subfield code="b">ATENEOM</subfield>
    <subfield code="c">DEPOJ</subfield>
    <subfield code="d">2023-11-21</subfield>
    <subfield code="e">DONACION</subfield>
    <subfield code="j">1</subfield>
    <subfield code="l">0</subfield>
    <subfield code="o">N-9558</subfield>
    <subfield code="p">101206061</subfield>
    <subfield code="r">2023-11-21 00:00:00</subfield>
    <subfield code="y">MONOGRAFIA</subfield>
  </datafield>
</record>
